000 01141nas a2200373 4500
001 BR2012008561
003 BR-BrBNA
005 20231205121512.0
007 ta
008 230509b bl.|||p| |||| 00| 00por d
040 _aBR-BrBNA
_bpor
_cBiblioteca Nacional de Agricultura
041 _a(Pt)
072 _aF04; L02
100 1 _aNeumann, M.
100 1 _aRestle, J.
100 1 _aA. Filho, D.C.
100 1 _aMaccari, M.
100 1 _aPellegrini, L.G. de
100 1 _aSouza, A.N.M. de
100 1 _aPeixoto, L.A. de O.
245 1 _aQualidade de forragem e desempenho animal em pastagem de sorgo (Sorghum bicolor, L.)fertilizada com dois tipos de adubo, sob pastejo contínuo
650 _aBOVINO
650 _aSORGO
650 _aSORGHUM BICOLOR
650 _aPASTAGEM
650 _aFORRAGEM
650 _aPRODUÇÃO VEGETAL
650 _aADUBAÇÃO
650 _aPASTEJO CONTÍNUO
650 _aPERFORMANCE
773 0 _tRevista Brasileira de Agrociência (Brazil)
_xISSN 0104-8996
_g(Apr-Jun 2005), v. 11(2) p. 221-226
_wBR2012008561
909 _a202311
_bLúcia
_c55
_dLúcia Elande
942 _2AGRIS
_n0
_cANA
999 _c223868
_d223868